South American Premier League Managers Quiz Stats

 Plays Quiz Updated May 31, 2018

Challenge
Share
Tweet
Embed
Score 0/6 Timer 05:00
7 Plays Today
Country Manager % Correct
ArgentinaMauricio Pochettino
91.5%
Chile Manuel Pellegrini
88.8%
UruguayGustavo Poyet
83.9%
BrazilLuiz Felipe Scolari
81.6%
ArgentinaMauricio Pellegrino
75.2%
ArgentinaOsvaldo Ardiles
52%

You're not logged in!

Compare scores with friends on all Sporcle quizzes.
OR
Log In

You Might Also Like...

Show Comments

Extras

Top Quizzes Today


Score Distribution

Your Account Isn't Verified!

In order to create a playlist on Sporcle, you need to verify the email address you used during registration. Go to your Sporcle Settings to finish the process.

Report this User

Report this user for behavior that violates our Community Guidelines.

Details: